000 00557nam a2200181Ia 4500
003 GCL
008 140319s9999 xx 000 0 ara d
040 _aGCL /
_cGCL
082 0 4 _a575.0162
_bا خ
100 1 _aاحسان حقى
245 1 0 _aخلق لا تطور: الانسان ابن ادم وليس ابن قرد /
_cاحسان حقى
260 _a[S.N] :
_bدار النفائس للطباعة والنشر
490 _a
650 0 4 _aالوراثة
650 0 4 _aالنشوء والارتقاء
650 0 4 _aالاحياء
942 _2ddc
_cBK
999 _c55016
_d55016